El libro de la selva / (Registro nro. 13303)

Detalles MARC
000 -LIDER
fixed length control field 00700nam a22002417a 4500
003 - IDENTIFICACDOR DE NÚMERO DE CONTROL
control field DO-SdBPM
005 - DATE AND TIME OF LATEST TRANSACTION
control field 20250520095307.0
008 - ELEMENTOS DE LONGITUD FIJA
fixed length control field 180216b20uu sp a 00| 0 spa d
020 ## - ISBN
International Standard Book Number 8498060885
040 ## - FUENTE DE CATALOGACIÓN
Agencia que crea de manera original el registro
Idioma de catalogación spa
Agencia que realiza la transcripción BPMSU
082 #4 - NÚMERO DE CLASIFICACIÓN DECIMAL DE DEWEY
Classification number 808.83
Item number L697s
Edition number 22
245 03 - MENCIÓN DE TITULO
Título El libro de la selva /
Mención de responsabilidad ilustraciones J.Busquets
260 ## - PUBLICACIÓN, DISTRIBUCIÓN, ETC. (PIE DE IMPRENTA)
Lugar de publicación, distribución, etc Madrid :
Nombre del editor, distribuidor, etc. Todolibro,
Fecha de publicación, distribución, etc 190-?.
300 ## - DESCRIPCIÓN FÍSICA
Extensión 16 p. :
Otros detalles físicos il. ;
Dimensiones 30 cm.
490 0# - MENCIÓN DE SERIES
Mención de serie Cuentos brillantes
500 ## - NOTA GENERAL
Nota general Libro de pasta dura
590 ## - NOTA LOCAL
Texto de la nota local Inventariado, 2025/VM
650 #4 - ENCABEZAMIENTO DE MATERIA--TEMÁTICO
Término temático o nombre geográfico como elemento de entrada Cuentos infantiles
650 #4 - ENCABEZAMIENTO DE MATERIA--TEMÁTICO
Término temático o nombre geográfico como elemento de entrada Libros ilustrados para niños
700 1# - ASIENTO SECUNDARIO -- NOMBRE PERSONAL
Nombre personal Busquets, J
Mención de responsabilidad ilustraciones
910 ## - VALIDACIÓN
Validación VMateo V. Control de calidad. BPMSU
942 ## - ADDED ENTRY ELEMENTS (KOHA)
Source of classification or shelving scheme Dewey Decimal Classification
Koha item type Libros
Existencias
Withdrawn status Lost status Source of classification or shelving scheme Damaged status Not for loan Collection code Home library Current library Date acquired Source of acquisition Total Checkouts Full call number Barcode Date last seen Price effective from Koha item type
    Dewey Decimal Classification     Colección Infantil General Biblioteca Pública Metropolitana Salomé Ureña Biblioteca Pública Metropolitana Salomé Ureña 02/16/2018 FUNDI   xxxx xxxx BPMSU18020163 02/16/2018 02/16/2018 Libros
    Dewey Decimal Classification     Colección Infantil General Biblioteca Pública Metropolitana Salomé Ureña Biblioteca Pública Metropolitana Salomé Ureña 05/20/2025     BPMSU CGI 808.83 L697s BPMSU25050042 05/20/2025 05/20/2025 Libros